000 00926nam#a2200301#a#4500
001 vtls000407622
003 NLI
005 20210603110559.0
008 110212m1994uuuucaua e 000 0 eng
020 _a0122266706 :
_cPND 495.00
039 9 _y201102121811
_zVargis_01
040 _aNLI
_beng
_cVergis_S
_eAACR2
041 0 _aeng
044 _acau
082 0 4 _a630.3
245 0 0 _aEncyclopedia of agricultural science /
_cedited by Charles J. Arntzen [and] Ellen M. Ritter
260 _aSan Diego :
_bAcademic Press,
_c1994-
300 _a-v. :
_bill. ;
_c29cm.
500 _aLibrary has vol.1
650 0 _aAgriculture
_vEncyclopedias
700 1 _aArntzen, Charles J.,
_4edt
_9587233
700 1 _aRitter, Ellen M.,
_4edt
_9587234
887 _a
901 _a523837
_b09.03.1995
902 _aS.T 630.3 En 3
942 _2ddc
_cBKS
949 _AVIRTUAITEM
_D10000
_X100
_6PUR000523837ENG
999 _aVIRTUA
_c367259
_d367259